Normal view
MARC view
- THE 8051 MICROCONTROLLER AND EMBEDDED SYSTEMS
Entry Topical Term
001 - CONTROL NUMBER
- control field: 64531
003 - CONTROL NUMBER IDENTIFIER
- control field: NUST
005 - DATE AND TIME OF LATEST TRANSACTION
- control field: 20210628203307.0
008 - FIXED-LENGTH DATA ELEMENTS
- fixed length control field: 210628|| aca||aabn | a|a d
040 ## - CATALOGING SOURCE
- Original cataloging agency: NUST
- Transcribing agency: NUST
150 ## - HEADING--TOPICAL TERM
- Topical term or geographic name entry element: THE 8051 MICROCONTROLLER AND EMBEDDED SYSTEMS
670 ## - SOURCE DATA FOUND
- Source citation: Work cat.: (NUST): Muhammad Ali Mazidi, Gillispie,Janice, Mckinlay,Rolin.D 64530, The 8051 microcontroller and embedded systems, using assembly and c, 2008
